00556nam a22001577a 450000500170000000800410001702000180005804100130007608200130008910000130010224501420011525000190025726000640027630000330034065000250037320231130071940.0231130b |||||||| |||| 00| 0 eng d a9789994500994 aEnglish  a340 LAW  lEnglish  aThe Law Reform and Development Commission of Namibia at 25 :bA Quarter Century of Social Carpentry / cedited by DP Zongwe and Y Dausab  aFirst Edition  aWindhoek : bLaw Reform and Development Commission, c2017  bxvi, 382 pages ; c26,5 cm.  aLegal practice bLaw